000 00719nam a2200253Ia 4500
003 OSt
005 20220927110349.0
006 a|||||r|||| 00| 0
007 ta
008 220926b |||||||| |||| 00| 0 eng d
024 _a64584
037 _cReports
040 _aRTL
_cRTL
_beng
041 _2eng
_aeng
082 _a"X43:9.2.N67t, K7/GD"
110 _a"India, Government Of..."
245 0 _aReport of the study group for Air transport industry
260 _aDelhi
_bManager Of Publication India
_c1967
300 _a68p
_ccm.
650 _aAir
_9353287
700 _a"India, Government Of..."
942 _h"X43:9.2.N67t, K7/GD"
_cCC
999 _c695834
_d695834